Традиции, заложенные В. А. Обручевым в подготовке высокопрофессиональных специалистов, успешно развиваются в Институте природных ресурсов (к 120-летию основания Томского политехнического университета); Проблемы геологии и освоения недр; Т. 2

Detalhes bibliográficos
Parent link:Проблемы геологии и освоения недр: труды XX Международного симпозиума имени академика М. А. Усова студентов и молодых ученых, посвященного 120-летию со дня основания Томского политехнического университета, Томск, 4-8 апреля 2016 г./ Национальный исследовательский Томский политехнический университет (ТПУ), Институт природных ресурсов (ИПР) ; Общество инженеров-нефтяников, международная некоммерческая организация, Студенческий чаптер ; под ред. А. Ю. Дмитриева.— , 2016
Т. 2.— 2016.— [С. 49-54]
Autor principal: Иванова Г. М. Галина Михайловна
Autor Corporativo: Национальный исследовательский Томский политехнический университет (ТПУ) Институт природных ресурсов (ИПР)
Resumo:Заглавие с экрана
Idioma:russo
Publicado em: 2016
Colecção:Пленарные доклады
Assuntos:
Acesso em linha:http://earchive.tpu.ru/handle/11683/31822
Formato: MixedMaterials Recurso Electrónico Capítulo de Livro
KOHA link:https://koha.lib.tpu.ru/cgi-bin/koha/opac-detail.pl?biblionumber=619845

MARC

LEADER 00000naa2a2200000 4500
001 619845
005 20240827063212.0
035 |a (RuTPU)RU\TPU\conf\18296 
035 |a RU\TPU\conf\17785 
090 |a 619845 
100 |a 20160908d2016 k y0rusy50 ca 
101 0 |a rus 
102 |a RU 
105 |a y z 100zy 
135 |a drcn ---uucaa 
181 0 |a i  
182 0 |a b 
200 1 |a Традиции, заложенные В. А. Обручевым в подготовке высокопрофессиональных специалистов, успешно развиваются в Институте природных ресурсов (к 120-летию основания Томского политехнического университета)  |f Г. М. Иванова 
203 |a Текст  |c электронный 
225 1 |a Пленарные доклады 
230 |a 1 компьютерный файл (pdf; 504 Kb) 
300 |a Заглавие с экрана 
461 1 |0 (RuTPU)RU\TPU\conf\17456  |t Проблемы геологии и освоения недр  |o труды XX Международного симпозиума имени академика М. А. Усова студентов и молодых ученых, посвященного 120-летию со дня основания Томского политехнического университета, Томск, 4-8 апреля 2016 г.  |o в 2 т.  |f Национальный исследовательский Томский политехнический университет (ТПУ), Институт природных ресурсов (ИПР) ; Общество инженеров-нефтяников, международная некоммерческая организация, Студенческий чаптер ; под ред. А. Ю. Дмитриева  |d 2016 
463 1 |0 (RuTPU)RU\TPU\conf\17458  |t Т. 2  |v [С. 49-54]  |d 2016 
600 1 |a Обручев  |b В. А.  |c российский геолог  |c профессор Томского технологического института  |c исследователь Сибири, Центральной и Средней Азии  |c географ  |f 1863-1956  |g Владимир Афанасьевич  |y Томск  |7 ca  |8 rus  |2 stltpush  |3 (RuTPU)RU\TPU\pers\996  |9 441 
601 0 2 |a Национальный исследовательский Томский политехнический университет (ТПУ)  |b Институт природных ресурсов (ИПР)  |2 stltpush  |3 (RuTPU)RU\TPU\col\16389 
610 1 |a труды учёных ТПУ 
610 1 |a электронный ресурс 
610 1 |a традиции 
610 1 |a подготовка специалистов 
610 1 |a научные деятели 
610 1 |a научные достижения 
610 1 |a учебно-воспитательный процесс 
610 1 |a научные исследования 
610 1 |a геологическое образование 
700 1 |a Иванова  |b Г. М.  |c российский геолог  |c доцент Томского политехнического университета  |g Галина Михайловна  |2 stltpush  |3 (RuTPU)RU\TPU\pers\26059 
712 0 2 |a Национальный исследовательский Томский политехнический университет (ТПУ)  |b Институт природных ресурсов (ИПР)  |2 stltpush  |3 (RuTPU)RU\TPU\col\16389 
801 2 |a RU  |b 63413507  |c 20160929  |g RCR 
856 4 |u http://earchive.tpu.ru/handle/11683/31822 
942 |c BK